University Home | Library Home | Institutional Repository

A glossary of the basic concepts of the sociology .... (Record no. 169107)

MARC details
000 -LEADER
fixed length control field 00865cam3a220026500 4500
001 - CONTROL NUMBER
control field zam00002031
008 - FIXED-LENGTH DATA ELEMENTS--GENERAL INFORMATION
fixed length control field 951128s1985 xx eng u
035 ## - SYSTEM CONTROL NUMBER
System control number (Sirsi) r19410
035 ## - SYSTEM CONTROL NUMBER
System control number (MACHINE)SLC.
100 1# - MAIN ENTRY--PERSONAL NAME
Personal name Datta, A.
Linkage A80280.1
245 12 - TITLE STATEMENT
Title A glossary of the basic concepts of the sociology ....
260 ## - PUBLICATION, DISTRIBUTION, ETC.
Date of publication, distribution, etc. 1985.
591 ## -
-- Class code: ED 210.
591 ## -
-- Course: Education psychology and sociology.
591 ## -
-- School: S03.
591 ## -
-- Lecturer: Dr. MUYANGWA, M.
591 ## -
-- Number of Students: 147.
949 ## - LOCAL PROCESSING INFORMATION (OCLC)
a DAT1-4GLO
w lcc
i -16997
m MAIN
t BOOK
l ON-SHELF
949 ## - LOCAL PROCESSING INFORMATION (OCLC)
a DAT1-4GLO
w lcc
i -16998
m MAIN
t BOOK
l ON-SHELF
949 ## - LOCAL PROCESSING INFORMATION (OCLC)
a DAT1-4GLO
w lcc
i -16999
m MAIN
t BOOK
l ON-SHELF
949 ## - LOCAL PROCESSING INFORMATION (OCLC)
a DAT1-4GLO
w lcc
i -17000
m MAIN
t BOOK
l ON-SHELF
900 ## - EQUIVALENCE OR CROSS-REFERENCE-PERSONAL NAME [LOCAL, CANADA]
-- MAIN
Field link and sequence number DAT1-4GLO
Titles and other words associated with a name 4
909 ## -
-- Reprint

No items available.

© 2026 - The University of Zambia Library - Koha v25.11